|
|
|
|
| LEADER |
02513nam a2200541 a 4500 |
| 001 |
nkc20112237182 |
| 003 |
CZ PrNK |
| 005 |
20120719074233.0 |
| 007 |
ta |
| 008 |
111018s2011 xr ab e 100 0 cze |
| 015 |
|
|
|a cnb002237182
|
| 020 |
|
|
|a 978-80-904282-6-3
|q (brož.)
|
| 035 |
|
|
|a (OCoLC)794207497
|
| 040 |
|
|
|a OLA001
|b cze
|d ABA001
|
| 043 |
|
|
|a e-xr---
|
| 045 |
|
|
|a v-x-
|
| 072 |
|
7 |
|a 71
|x Územní plánování. Urbanismus. Památková péče
|2 Konspekt
|9 21
|
| 080 |
|
|
|a 711.436
|2 MRF
|
| 080 |
|
|
|a 332.021.8
|2 MRF
|
| 080 |
|
|
|a 711.3
|2 MRF
|
| 080 |
|
|
|a 728.9
|2 MRF
|
| 080 |
|
|
|a (437.3)
|2 MRF
|
| 080 |
|
|
|a (062.534)
|2 MRF
|
| 111 |
2 |
|
|a Vliv pozemkových reforem na stavební vývoj venkovských sídel (seminář)
|d (2010 :
|c Blovice, Česko)
|7 kn20100622009
|
| 245 |
1 |
0 |
|a Vliv pozemkových reforem na stavební vývoj venkovských sídel :
|b sborník referátů ze semináře : 18.-19. května 2010 v Blovicích /
|c [seminář uspořádaly Komise pro lidové stavitelství, sídla a bydlení při České národopisné společnosti, Muzeum jižního Plzeňska Blovice]
|
| 260 |
|
|
|a Praha :
|b Česká národopisná společnost,
|c 2011
|
| 300 |
|
|
|a 79 s. :
|b il., mapy ;
|c 21 cm
|
| 500 |
|
|
|a 200 výt.
|
| 504 |
|
|
|a Obsahuje bibliografie a bibliografické odkazy
|
| 648 |
|
7 |
|a 18.-20. století
|7 ch757019
|2 czenas
|
| 650 |
0 |
7 |
|a venkov
|7 ph127032
|z Česko
|y 18.-20. století
|2 czenas
|
| 650 |
0 |
7 |
|a pozemkové reformy
|7 ph134657
|z Česko
|y 18.-20. století
|2 czenas
|
| 650 |
0 |
7 |
|a urbanismus
|7 ph116541
|z Česko
|y 18.-20. století
|2 czenas
|
| 650 |
0 |
7 |
|a hospodářské dvory
|7 ph138571
|z Česko
|y 18.-20. století
|2 czenas
|
| 650 |
0 |
9 |
|a countryside
|z Czechia
|y 18th-20th centuries
|2 eczenas
|
| 650 |
0 |
9 |
|a land reform
|z Czechia
|y 18th-20th centuries
|2 eczenas
|
| 650 |
0 |
9 |
|a city planning
|z Czechia
|y 18th-20th centuries
|2 eczenas
|
| 650 |
0 |
9 |
|a farm yards
|z Czechia
|y 18th-20th centuries
|2 eczenas
|
| 655 |
|
7 |
|a sborníky konferencí
|7 fd133333
|2 czenas
|
| 655 |
|
9 |
|a proceedings of conferences
|2 eczenas
|
| 710 |
2 |
|
|a Česká národopisná společnost.
|b Komise pro lidové stavitelství, sídla a bydlení
|7 pna2007365574
|
| 710 |
2 |
|
|a Muzeum Jižního Plzeňska (Blovice, Česko)
|7 xx0014069
|
| 910 |
2 |
|
|a BOA001
|b 2-1285.361
|
| 990 |
|
|
|a BK
|
| 995 |
|
|
|a 01
|
| 991 |
|
|
|b 201205
|c NOV
|e n
|
| 996 |
6 |
|
|b 2610509399
|c 2-1285.361
|l MZK
|r Sklad / do 1 hodiny
|n 2
|p p.v.
|w 001242446
|u 000010
|a 1
|e BOA001
|j MZK50
|s P
|
| 996 |
7 |
|
|b 2610515995
|c 2-1285.361
|l MZK
|r Sklad / do 1 hodiny
|n 2
|p dar
|w 001242446
|u 000020
|a 1
|e BOA001
|j MZK50
|s A
|